| 000 | 00733nam a22002057a 4500 | ||
|---|---|---|---|
| 003 | JO-AjAnu | ||
| 005 | 20251021144858.0 | ||
| 008 | 251021b jo ||||| |||| 00| 0 ara d | ||
| 020 | _a978-9957-15-034-0 | ||
| 022 | _a1497/7/2003 | ||
| 040 |
_aANU _cJO-AjAnu |
||
| 041 | _hARA | ||
| 100 |
_aمؤلف جماعي _eمؤلف _966920 |
||
| 245 |
_aدراسات في تاريخ الأردن الاجتماعي؛ الجزء الثاني _c / مؤلف جماعي |
||
| 260 |
_aعمان : _cوزارة الثقافة، _b2021 |
||
| 300 | _a531 صفحة | ||
| 490 | _3سلسلة القراءة للجميع؛ 15 رقمالاصدار 803 | ||
| 650 | _v الاردن- الخارطة الاجتماعية-تاريخ | ||
| 942 |
_2lcc _cBK _n0 |
||
| 999 |
_c34152 _d34152 |
||